"Wenn ein Stein bewegt wird". Tod und Trauer im Judentum in der römischen Kaiserzeit
| Main Author: | |
|---|---|
| Format: | Print Article |
| Language: | German |
| Check availability: | HBZ Gateway |
| Interlibrary Loan: | Interlibrary Loan for the Fachinformationsdienste (Specialized Information Services in Germany) |
| Published: |
2003
|
| In: |
Antike Welt
Year: 2003, Volume: 34, Issue: 2, Pages: 143-150 |
| RelBib Classification: | BH Judaism |
| Further subjects: | B
Grief
B Judaism B Death B Roman time B Funeral |
MARC
| LEADER | 00000caa a2200000 c 4500 | ||
|---|---|---|---|
| 001 | 1650337809 | ||
| 003 | DE-627 | ||
| 005 | 20241215210049.0 | ||
| 007 | tu | ||
| 008 | 190311s2003 xx ||||| 00| ||ger c | ||
| 035 | |a (DE-627)1650337809 | ||
| 035 | |a (DE-576)51932711X | ||
| 035 | |a (DE-599)BSZ51932711X | ||
| 040 | |a DE-627 |b ger |c DE-627 |e rakwb | ||
| 041 | |a ger | ||
| 084 | |a 1 |2 ssgn | ||
| 100 | 1 | |0 (DE-588)115635211 |0 (DE-627)077376498 |0 (DE-576)172648297 |4 aut |a Tilly, Michael |d 1963- | |
| 109 | |a Tilly, Michael 1963- |a Tirī, M. 1963- | ||
| 245 | 1 | 0 | |a "Wenn ein Stein bewegt wird". Tod und Trauer im Judentum in der römischen Kaiserzeit |
| 264 | 1 | |c 2003 | |
| 336 | |a Text |b txt |2 rdacontent | ||
| 337 | |a ohne Hilfsmittel zu benutzen |b n |2 rdamedia | ||
| 338 | |a Band |b nc |2 rdacarrier | ||
| 601 | |a Judentum | ||
| 650 | 0 | 7 | |0 (DE-588)4114087-4 |0 (DE-627)104603151 |0 (DE-576)20948182X |a Judentum |2 gnd |
| 650 | 0 | 7 | |0 (DE-588)4006054-8 |0 (DE-627)10637866X |0 (DE-576)208864202 |a Bestattung |2 gnd |
| 650 | 0 | 7 | |0 (DE-588)4060742-2 |0 (DE-627)106138553 |0 (DE-576)209136421 |a Trauer |2 gnd |
| 650 | 0 | 7 | |0 (DE-588)4076769-3 |0 (DE-627)104826169 |0 (DE-576)209202866 |a Römerzeit |2 gnd |
| 650 | 0 | 7 | |0 (DE-588)4060294-1 |0 (DE-627)106140086 |0 (DE-576)209134666 |a Tod |2 gnd |
| 652 | |a BH | ||
| 773 | 0 | 8 | |i In |t Antike Welt |d Freiburg : Verlag Herder GmbH, 1970 |g 34(2003), 2, Seite 143-150 |w (DE-627)129472050 |w (DE-600)202641-7 |w (DE-576)014841916 |x 0003-570X |7 nnas |
| 773 | 1 | 8 | |g volume:34 |g year:2003 |g number:2 |g pages:143-150 |
| 889 | |w (DE-627)1783172894 | ||
| 935 | |a BIIN | ||
| 951 | |a AR | ||
| BIB | |a 1 | ||
| ELC | |b 1 | ||
| ITA | |a 1 |t 1 | ||
| LOK | |0 000 xxxxxcx a22 zn 4500 | ||
| LOK | |0 001 3422639357 | ||
| LOK | |0 003 DE-627 | ||
| LOK | |0 004 1650337809 | ||
| LOK | |0 005 20190416153430 | ||
| LOK | |0 008 190416||||||||||||||||ger||||||| | ||
| LOK | |0 040 |a DE-Tue135 |c DE-627 |d DE-Tue135 | ||
| LOK | |0 092 |o n | ||
| LOK | |0 852 |a DE-Tue135 | ||
| LOK | |0 852 1 |9 00 | ||
| LOK | |0 935 |a ixzs | ||
| LOK | |0 939 |a 16-04-19 |b l01 | ||
| LOK | |0 000 xxxxxcx a22 zn 4500 | ||
| LOK | |0 001 3336591694 | ||
| LOK | |0 003 DE-627 | ||
| LOK | |0 004 1650337809 | ||
| LOK | |0 005 20190311203428 | ||
| LOK | |0 008 190311||||||||||||||||ger||||||| | ||
| LOK | |0 035 |a (DE-Tue135-1)138346 | ||
| LOK | |0 040 |a DE-Tue135-1 |c DE-627 |d DE-Tue135-1 | ||
| LOK | |0 852 |a DE-Tue135-1 | ||
| LOK | |0 852 1 |c 651/NA1103/34/TYM |m p |9 00 | ||
| LOK | |0 852 2 |b Atrium |9 00 | ||
| LOK | |0 935 |a iZSA | ||
| LOK | |0 936ln |0 1442043520 |a BH | ||
| LOK | |0 938 |k p | ||
| LOK | |0 939 |a 11-03-19 |b l12 | ||
| ORI | |a SA-MARC-ixtheoa001.raw | ||
| REL | |a 1 | ||
| STA | 0 | 0 | |a Death,Death,Death in art,Funeral,Funeral,Burial,Interment,Church funeral,Grief,Grief,Bereavement in art,Sorrow,Mourning,Grief,Judaism,Judaism,Judaism in literature,Roman time |
| STB | 0 | 0 | |a Deuil,Deuil,Douleur (motif),Douleur,Douleur,Douleur,Funérailles,Funérailles,Obsèques,Obsèques,Judaïsme,Judaïsme,Mort,Mort,Époque romaine |
| STC | 0 | 0 | |a Duelo,Duelo,Funeral,Funeral,Judaísmo,Judaísmo,Muerte,Muerte,Muerte,Época romana |
| STD | 0 | 0 | |a Ebraismo,Ebraismo,Epoca romana,Funerale <motivo>,Funerale,Esequie,Esequie,Esequie (motivo),Esequie,Lutto,Lutto,Morte,Morte |
| STE | 0 | 0 | |a 丧恸,丧恸,悲痛,悲痛,死亡,死亡,犹太教,犹太教,葬礼,葬礼,安葬,安葬 |
| STF | 0 | 0 | |a 喪慟,喪慟,悲痛,悲痛,死亡,死亡,猶太教,猶太教,葬禮,葬禮,安葬,安葬 |
| STG | 0 | 0 | |a Funeral,Funeral,Judaísmo,Judaísmo,Luto,Luto,Morte,Morte,Época romana |
| STH | 0 | 0 | |a Иудаизм (мотив),Иудаизм,Похороны (мотив),Похороны,Римская эпоха,Скорбь,Скорбь (мотив),Смерть (мотив),Смерть |
| STI | 0 | 0 | |a Θάνατος (μοτίβο),Θάνατος,Ιουδαϊσμός (μοτίβο),Ιουδαϊσμός,Κηδεία (μοτίβο),Κηδεία,Πένθος,Πένθος (μοτίβο),Ρωμαϊκή Εποχή |
| SUB | |a BIB |a REL | ||
| SYE | 0 | 0 | |a Judaism,Judaismus,Jüdische Religion,Zionism,Zionismus,Jüdische Religion,Judaismus,Jüdische Religion,Judaismus , Beerdigung,Begräbnis,Beisetzung,Leichenbegängnis,Bestattungswesen,Leichenwesen,Leichen- und Bestattungswesen,Totenbestattung,Totenfeier,Trauerfeier,Beerdigung,Begräbnis,Beisetzung,Leichenbegängnis,Bestattungswesen,Leichenwesen,Leichen- und Bestattungswesen,Totenbestattung,Totenfeier,Trauerfeier,Trauerzeremonie , Trauerarbeit,Trauerkultur,Trauern , Römische Zeit , Todesdarstellung,Lebensende |



